Statistics for Lukas Graham Song Discography

Click here to take the quiz!

General Stats

  • This quiz has been taken 3 times
  • The average score is 3 of 35

Answer Stats

Answer% Correct
7 Years
100%
Mama Said
67%
Love Someone
33%
Not A Damn Thing Changed
33%
Strip No More
33%
Before The Morning Sun
0%
Better Than Yourself
0%
Criminal Mind
0%
Daddy, Now That You're Gone
0%
Don't Hurt Me This Way
0%
Don't You Worry 'Bout Me
0%
Drunk In The Morning
0%
Everything That Isn't Me
0%
Funeral
0%
Happy Home
0%
Hayo
0%
Hold My Hand
0%
Lullaby
0%
Moving Alone
0%
Never Let Me Down
0%
Nice Guy
0%
Oohhh
0%
Ordinary Things
0%
Playtime
0%
Promise
0%
Red Wine
0%
Say Yes
0%
Stick Around
0%
Take The World By Storm
0%
Unhappy
0%
What Happened To Perfect
0%
When I Woke Up...
0%
When You're With Me
0%
You're Not The Only One
0%
You're Not There
0%

Score Distribution

Percentile by Number Answered

Percent of People with Each Score

Your Score History

You have not taken this quiz